Quiz da Guiné - Statistics

Estatísticas Gerais
  • Esse quiz foi jogado 442 vezes
  • A pontuação média é 11 de 16
Estatísticas das Respostas
Dica Resposta % Correto
Países fazendo fronteira com a Guiné Guiné-Bissau
92%
Língua oficial Francês
90%
Países fazendo fronteira com a Guiné Mali
88%
Países fazendo fronteira com a Guiné Senegal
88%
Religião dominante Islã
86%
Países fazendo fronteira com a Guiné Serra Leoa
86%
Países fazendo fronteira com a Guiné Costa do Marfim
85%
Doença que a Guiné sofreu um grande surto em 2014 Ébola
83%
Países fazendo fronteira com a Guiné Libéria
83%
Capital Conacri
68%
Rio que nasce na Guiné e deságua na Nigéria Rio Níger
65%
63% das mulheres guineenses são _____ antes dos 18 anos, uma das taxas mais altas do mundo Casadas
63%
Animal nacional {Elefante}-africano
63%
A Guiné é o segundo maior produtor mundial de bauxita, usada para produzir este metal Alumínio
59%
Maior grupo étnico Fula
25%
Segunda maior cidade Zerecoré
19%
Nenhum quiz correspondente encontrado
Distribuição das Pontuações
Porcentagem de Pessoas com Cada Pontuação
Percentil de Números Respondidos
Sua Pontuação Histórica
Você não jogou esse quiz